| 000 | 00333nam a22001337a 4500 | ||
|---|---|---|---|
| 008 | 251121b |||||||| |||| 00| 0 eng d | ||
| 020 | _a81-203-0855-7 | ||
| 100 | _aM.M. Mano | ||
| 245 | _aComputer System Architecture 3rd Ed. | ||
| 250 | _a3rd Ed. | ||
| 260 |
_aNew Delhi _bPrentice Hall _c1999 |
||
| 300 | _a525 | ||
| 942 |
_2ddc _cBK |
||
| 999 |
_c21620 _d21620 |
||